Manual de legislación sobre el comercio exterior / (Record no. 97039)

MARC details
000 -LEADER
campo de control de longitud fija 00509nam a2200157 i 4500
001 - NÚMERO DE CONTROL
campo de control 97039
003 - IDENTIFICADOR DE NÚMERO DE CONTROL
campo de control ES-MaACL
005 - FECHA Y HORA DE LA ÚLTIMA TRANSACCIÓN
campo de control 20230906182027.0
007 - CAMPO FIJO DE DESCRIPCIÓN FÍSICA--INFORMACIÓN GENERAL
campo de control de longitud fija t|
008 - DATOS DE LONGITUD FIJA--INFORMACIÓN GENERAL
campo de control de longitud fija 050705s1965 sp ||||1| spa d
245 00 - MENCIÓN DEL TÍTULO
Título Manual de legislación sobre el comercio exterior /
Mención de responsabilidad, etc. compilación e índices por materias y alfabético realizado por José Luis Cuesta.
260 ## - PUBLICACIÓN, DISTRIBUCIÓN, ETC.
Lugar de publicación, distribución, etc. Bilbao :
Nombre del editor, distribuidor, etc. Deusto,
Fecha de publicación, distribución, etc. 1965.
300 ## - DESCRIPCIÓN FÍSICA
Extensión 686 p. ;
Dimensiones 17 cm.
700 1# - ENTRADA AGREGADA--NOMBRE PERSONAL
Nombre de persona Cuesta, José Luis.
9 (RLIN) 42038
852 ## - LOCALIZACIÓN
Ubicación ES-MaACL
Número de control de estantería C-27052
Sublocalización o colección R.55949
Holdings
Estatus retirado Estado de pérdida Estado de daño No para préstamo Biblioteca de origen Biblioteca actual Ubicación en estantería Fecha de adquisición Fuente de adquisición Total de préstamos Signatura topográfica completa Código de barras Visto por última vez Precio de reemplazo Tipo de ítem Koha
        Biblioteca del Ateneo de Madrid Biblioteca del Ateneo de Madrid Depósito 2 17/01/2008     C-27052 1101311 23/02/2023 23/02/2023 Libro impreso